Biblioteca

¡No tengo tiempo para orar! : (Registro nro. 71073)

Detalles MARC
000 -LÍDER
Campo fijo de descripción fija 01938nam a2200409 i 4500
001 - NÚMERO DE CONTROL
Campo de control 768714001
003 - IDENTIFICADOR DEL NÚMERO DE CONTROL
Campo de control CO-MdFUSB
005 - FECHA Y HORA DE LA ULTIMA TRANSACCIÓN
control field 20260423150815.0
007 - CAMPO FIJO DE DESCRIPCIÓN FIJA--INFORMACIÓN GENERAL
Campo fijo de descripción fija ta
008 - ELEMENTOS DE LONGITUD FIJA -- INFORMACIÓN GENERAL
Campo fijo de descripción fija -- Información general 241009t2001 sp ||||| |||| 001 0 spa d
020 ## - NÚMERO INTERNACIONAL NORMALIZADO PARA LIBROS
Número Internacional Normalizado del libro 950-683-091-6
040 ## - FUENTE DE CATALOGACIÓN
Idioma de catalogación spa.
Agencia de catalogación original CO-MdFUSB
Agencia que realiza la transcripción CO-MdFUSB
Agencia que realiza la modificación CO-MdFUSBC
Convenciones de la descripción rda
041 ## - CÓDIGO DE IDIOMA
Código de idioma para texto/pista de sonido o título separado spa
Código de idioma original eng
082 ## - NÚMERO DE CLASIFICACIÓN DECIMAL DEWEY
Número de la edición del Dewey 23
Número de clasificación 248.3
Clave de autor-Numero de item H992
100 ## - ASIENTO PRINCIPAL--NOMBRE PERSONAL
Nombre personal Hybels, Bill
Término relacionador autor
240 ## - TITULO UNIFORME
Título uniforme <a href="Too busy not to pray. ">Too busy not to pray. </a>
245 1# - TÍTULO
Título del Material ¡No tengo tiempo para orar! :
Parte restante del título - Subtitulo cómo disfrutar de la presencia de Dios siempre
Mención de responsabilidad, etc. / Bill Hybels , LaVonne Neff ; traducido por Adriana Powell
250 ## - MENCIÓN DE EDICIÓN
Mención de edición Primera edición
264 #1 - PRODUCCIÓN, PUBLICACIÓN, DISTRIBUCIÓN, MANUFACTURA, Y COPYRIGHT
Lugar de producción, publicación, distribución, manufactura Buenos Aires :
Nombre del productor, publicador, distribuidor Certeza Unida,
Fecha de producción, publicación, distribución, manufactura, o copyright [2001]
264 #4 - PRODUCCIÓN, PUBLICACIÓN, DISTRIBUCIÓN, MANUFACTURA, Y COPYRIGHT
Fecha de producción, publicación, distribución, manufactura, o copyright ©2001
300 ## - DESCRIPCIÓN FÍSICA
Extensión 242 páginas
Dimensiones ; 22 cm
336 ## - TIPO DE CONTENIDO
Fuente rdacontent
Término de tipo de contenido texto
Código de tipo de contenido txt
337 ## - TIPO DE MEDIO
Fuente rdamedia
Nombre del tipo de medio sin mediación
Código del tipo de medio n
338 ## - TIPO DE SOPORTE
Fuente rdacarrier
Nombre del tipo de soporte volumen
Código Tipo de soporte nc
500 ## - NOTA GENERAL
Nota General Incluye índice
505 ## - NOTA DE CONTENIDO
Título Dios nos invita a su presencia:
Nota de contenido con formato preestablecido La presencia de Dios, el poder de Dios. -- Dios está dispuesto. -- Dios es capaz.
Título Dios nos invita a hablar con Él:
Nota de contenido con formato preestablecido Hábitos que edifican y fortalecen. -- Orar como Jesús. -- Una guía para orar. -- La oración que mueve montañas.
Título Dios derriba barreras entre nosotros:
Nota de contenido con formato preestablecido El dolor de la oración no respondida. -- Barreras a la oración. -- Cuando nos enfriamos.
Título Dios habla a nuestro corazón:
Nota de contenido con formato preestablecido Estar quietos para orar. -- La importancia de escuchar. -- Cómo escuchar la voz de Dios. -- Qué hacer con lo que Dios nos dice. -- Vivir en la presencia de Dios. -- Guía para orar en grupo o en forma individual.
563 ## - NOTA DE ENCUADERNACIÓN
Nota de encuadernación Rústica
650 #7 - ASIENTO SECUNDARIO DE MATERIA - TERMINO TEMÁTICO
Término temático o nombre geográfico como elemento de entrada Oración
9 (RLIN) 86
650 #0 - ASIENTO SECUNDARIO DE MATERIA - TERMINO TEMÁTICO
Término temático o nombre geográfico como elemento de entrada Vida cristiana
9 (RLIN) 19
653 ## - TÉRMINO DE INDIZACIÓN - NO CONTROLADO
Término no controlado Oración — Cristianismo
653 ## - TÉRMINO DE INDIZACIÓN - NO CONTROLADO
Término no controlado Vida espiritual — Cristianismo
653 ## - TÉRMINO DE INDIZACIÓN - NO CONTROLADO
Término no controlado Espiritualidad cristiana
700 ## - ASIENTO SECUNDARIO - NOMBRE PERSONAL
Nombre personal Neff, LaVonne,
9 (RLIN) 10157
Responsabilidad autor
700 ## - ASIENTO SECUNDARIO - NOMBRE PERSONAL
Nombre personal Powell, Adriana‏
9 (RLIN) 1653
Responsabilidad traductor
942 ## - TIPO DE MATERIAL (KOHA)
Tipo de Item KOHA Libros General
945 ## - INFORMACIÓN LOCAL DEL REGISTRO
Catalogador Catherine Arias Alvarez
Existencias
Estado de Material Estado de Perdido Forma de Clasificación Volumen-Parte/Tomo Estado de Dañado No para Préstamo Colección Tomo Biblioteca de Origen Biblioteca Permanente Fecha de Adquisición Total de Préstamos Signatura Topográfica Código de Barras Última vez visto Ejemplar/Existencia Fecha de Remplazo Tipo de Material
    Dewey Decimal Classification       Colección General   Biblioteca FUSBC Biblioteca FUSBC 10/10/2024   G 248.3 H992n 25158 09/10/2024 Ej. 1 09/10/2024 Libros General

Biblioteca FUSBC | Teléfono: (57+4) 349 88 10 Ext. 141| WhatsApp (+57) 3005338115 
E-mail: biblioteca@unisbc.edu.co | Calle 76 87-14 Robledo Palenque, Medellín, Colombia

Con tecnología Koha